| 000 | 00334nam a2200121Ia 4500 | ||
|---|---|---|---|
| 008 | 210430s9999 xx 000 0 und d | ||
| 082 | _a297M924 I | ||
| 100 |
_aSayyid Abul A'La Modudi. _9129436 |
||
| 245 |
_aIslami Riyasat / _cSayyid Abul A'La Modudi. |
||
| 260 |
_aLahore _bkhurshad ahmad _c2006 |
||
| 300 | _a743p | ||
| 942 |
_cBK _2ddc |
||
| 999 |
_c563235 _d563235 |
||